| 000 | 00616nam a22001817a 4500 | ||
|---|---|---|---|
| 999 |
_c61723 _d61723 |
||
| 005 | 20240422125347.0 | ||
| 008 | 240422s2002 enk||||| |||| 00| 0 eng d | ||
| 020 | _a9781857755893x | ||
| 041 | _aeng | ||
| 080 | _a614 S-82 | ||
| 100 |
_aStewart, A. _921907 |
||
| 245 |
_aBasic Statistics and Epidemiology: _bA Practical Guide / _cA. Stewart. |
||
| 264 |
_aOxford : _bRadcliffe Medical Press, _c2002. |
||
| 300 |
_a152 p.: _bill. ; _c25 cm. |
||
| 653 | _aძირითადი სტატისტიკა და ეპიდემიოლოგია | ||
| 653 | _aმედიცინა | ||
| 942 |
_2udc _cBK |
||